Frosty Famous Folks Quiz Stats

 Plays Quiz Updated Dec 9, 2014

Score 0/20 Timer 05:00
6 Plays Today
Hint Answer % Correct
Cameron Diaz
84.1%
Adele
82.8%
Rihanna
80.9%
Tina Fey
79.4%
Justin Timberlake
78.1%
Jimmy Fallon
78%
David Beckham
71.4%
Jessica Simpson
71%
Ben Affleck
68.6%
Jennifer Aniston
66.4%
Hint Answer % Correct
Prince Harry of Wales
66.3%
Beyoncé Knowles
65.1%
Lenny Kravitz
57.7%
Lebron James
54%
Drew Barrymore
51.4%
Gerard Butler
46.3%
Emma Stone
41.3%
Elijah Wood
39.9%
Rachel Weisz
20.4%
Vanessa Hudgens
11.4%

You're not logged in!

Compare scores with friends on all Sporcle quizzes.
OR
Log In

Show Comments

Extras

Top Quizzes Today


Score Distribution

Your Account Isn't Verified!

In order to create a playlist on Sporcle, you need to verify the email address you used during registration. Go to your Sporcle Settings to finish the process.

Report this User

Report this user for behavior that violates our Community Guidelines.

Details: